01288cam a22002531a 4500001001300000003000400013005001700017008004100034010001700075035002000092040003000112042001200142050002300154100002300177245011000200260005700310300002000367490007900387500008500466500002500551501040500576650003600981999001701017e 42000358 DLC20260227111231.0850211s1942 dcu b f000 0 eng  ae 42000358  a(OCoLC)11683392 aDLCcNWMdNWMdOCoLCdDLC apremarc00aLC1045b.A27 no. 91 aZeran, Franklin R.10aOpportunities in the United States Merchant Marine /cFederal Security Agency, U. S. Office of Education. aWashington, [D.C.] :bU.S. Govt. Print. Off.,c1942. a15 p. ;c23 cm.0 aVocational Division leaflet / United States. Office of Education ;vno. 9. a"By Franklin R. Zeran, specialist, Occupational Information and Guidance" : p.1. a"References": p. 15. aCopy 2 with : School lunches and education, 1942 -- Negro farm families can feed themselves, 1942 -- Professional nurses are needed, 1942 -- Family saving and spending in wartime, 1943 -- Vocational training problems when the war ends, 1943 --Professional nurses are needed, 1944 -- Teachers are needed, 1944. Washington, D.C. : U.S. Govt. Print. Off. Bound together subsequent to publication.5DLC 0aMerchant marinezUnited States. c21900d21900